| 000 | 01184cam a2200253 4500 | ||
|---|---|---|---|
| 001 | ABS63048 | ||
| 008 | 000000n2000 000 0 eng u | ||
| 035 | _a(Sirsi) u109143 | ||
| 100 | _aJenkins, F. | ||
| 245 | _aAsk the experts... | ||
| 260 | _c2000 | ||
| 490 |
_aProperty Week _v65(42) 27 October 2000, 100-101(2) |
||
| 520 | _aDiscusses a series of case rulings that began in 1991, which suggest that expert decisions are now more likely to be final and binding on the parties to a contract, and to exclude the courts' jurisdiction on matters of law. Provides a listing of cases in which experts' decisions were binding. Considers the negative effects this evolution in the law could have for both landlords and tenants. Concludes that the wording of the lease must make it absolutely clear whether the expert is to have the final say, and the court's jurisdiction excluded. | ||
| 590 | _aABS | ||
| 650 | _aEXPERTS DETERMINATION | ||
| 650 | _aCOURTS | ||
| 650 | _aSERVICE CHARGE ACCOUNTS | ||
| 650 | _aFINAL ACCOUNTS | ||
| 650 | _aFINAL CERTIFICATES | ||
| 650 | _aLEASES | ||
| 650 | _aCOMMERCIAL LEASES | ||
| 690 | _aLANDLORD AND TENANT-LEASES | ||
| 942 | _n0 | ||
| 999 |
_c65165 _d65165 |
||